Alicia en el país de las maravillas
Bewaard in:
| Hoofdauteur: | |
|---|---|
| Formaat: | Boek |
| Taal: | Spaans |
| Gepubliceerd in: |
Madrid
Alianza
1980
|
| Editie: | 7a. ed |
| Reeks: | El libro de bolsillo. Sección literatura, 276
|
| Onderwerpen: | |
| Tags: |
Voeg label toe
Geen labels, Wees de eerste die dit record labelt!
|
MARC
| LEADER | 00000nam a2200000 a 4500 | ||
|---|---|---|---|
| 001 | UCV8297 | ||
| 003 | CL-VaPUC | ||
| 008 | 910319e19800000SP |||||||||||||||||spa|d | ||
| 082 | 0 | 4 | |a 823 |b CAR |2 21 |
| 100 | 0 | |a Carroll, Lewis |e author |9 266788 | |
| 245 | 1 | 0 | |a Alicia en el país de las maravillas |
| 250 | |a 7a. ed | ||
| 300 | |a 208 p | ||
| 942 | |c BK | ||
| 945 | |d 19910319 00:00:00 | ||
| 260 | |a Madrid |b Alianza |c 1980 | ||
| 650 | 0 | |a Novelas inglesas |9 265220 | |
| 583 | |a last modification |c 19910319 00:00:00 |k Rodrigo Vera | ||
| 490 | 0 | |a El libro de bolsillo. Sección literatura, 276 | |
| 999 | |c 213835 |d 213833 | ||
| 952 | |0 0 |1 0 |4 0 |6 823_000000000000000_CAR_1980 |7 0 |8 A |9 196606 |a BIBARQ |b BIBARQ |d 2019-11-14 |i 2644665 |o 823 CAR 1980 |p 2644665 |r 2025-01-20 |w 2019-11-14 |y BK |k ARQ | ||